[Event "Oberliga Nord N 0001"]
[Site "Germany"]
[Date "2000.??.??"]
[Round "?"]
[White "Kalinitschew, Sergey"]
[Black "Brettschneider, Stefan"]
[Result "1/2-1/2"]
[WhiteElo "2490"]
[BlackElo "2265"]
[PlyCount "180"]
[EventDate "2000.10.??"]
[EventType "team-tourn"]
[EventRounds "9"]
[EventCountry "GER"]
[SourceTitle "EXT 2004"]
[Source "ChessBase"]
[SourceDate "2003.11.25"]
[SourceVersion "1"]
[SourceVersionDate "2003.11.25"]
[SourceQuality "1"]

1. Nf3 Nf6 2. c4 g6 3. Nc3 d5 4. Qa4+ Bd7 5. Qb3 dxc4 6. Qxc4 Bg7 7. e4 0-0 8. e5 Ng4 9. d4 Na6 10. h3 Nh6 11. Bf4 c6 12. Qe2 f6 13. Qd2 Nf7 14. exf6 exf6 15. Bxa6 bxa6 16. 0-0 Qa5 17. a3 Rad8 18. Rfe1 Qh5 19. Nh2 g5 20. Bc7 Rc8 21. Bg3 f5 22. f4 g4 23. h4 Qg6 24. Nf1 Be6 25. Bf2 Nd6 26. Ng3 Rfd8 27. Qe2 Bc4 28. Qc2 Qf7 29. Qa4 Bb5 30. Qc2 Bc4 31. Rac1 Bb3 32. Qb1 Rf8 33. Re5 Bxe5 34. dxe5 Ne4 35. Ncxe4 fxe4 36. f5 Qd5 37. Qxe4 Qxe4 38. Nxe4 Rxf5 39. Nd6 Rff8 40. Nxc8 Rxc8 41. Bxa7 Bd5 42. Kh2 Rf8 43. Kg3 h5 44. Re1 Rf7 45. Bc5 Be6 46. Bd6 Rb7 47. b4 Rf7 48. Rc1 Bd5 49. e6 Rf6 50. e7 Kf7 51. Bc5 Rf5 52. Re1 Ke8 53. Re2 Bf7 54. Rf2 Rxf2 55. Kxf2 Kd7 56. Ke3 Ke6 57. Kf4 Kf6 58. g3 Bg6 59. Bd6 Be8 60. Ke4 Ke6 61. Bc5 Bg6+ 62. Kd4 Bf7 63. a4 Bg6 64. a5 Bf7 65. b5 cxb5 66. Bb4 Be8 67. Kc5 Kxe7 68. Kb6+ Kd7 69. Kxa6 Kc7 70. Ka7 Bc6 71. a6 Be4 72. Bd2 Bf3 73. Ba5+ Kc8 74. Bc3 b4 75. Bxb4 Be2 76. Ba5 Bd3 77. Bb6 Be2 78. Be3 Bd3 79. Bf4 Be2 80. Kb6 Bf3 81. Kc5 Be2 82. Kb6 Bf3 83. Be5 Be2 84. a7 Bf3 85. Bb8 Be4 86. Bf4 Bf3 87. Be3 Be4 88. Kc5 Kb7 89. Kd6 Bg6 90. Ke7 Ka8 1/2-1/2

[Event "BL2-Nord 9899"]
[Site "Germany"]
[Date "1999.04.18"]
[Round "9.7"]
[White "Brettschneider, Stefan"]
[Black "Meissner, Hans Juergen"]
[Result "0-1"]
[WhiteElo "2230"]
[BlackElo "2255"]
[PlyCount "156"]
[EventDate "1998.10.18"]
[EventType "team-tourn"]
[EventRounds "9"]
[EventCountry "GER"]
[SourceTitle "GER-chT2"]
[Source "ChessBase"]
[SourceDate "1999.07.01"]
[SourceVersion "1"]
[SourceVersionDate "1999.07.01"]
[SourceQuality "1"]
[WhiteTeam "Neukloster"]
[BlackTeam "Berlin Empor"]
[WhiteTeamCountry "GER"]
[BlackTeamCountry "GER"]

1. e4 c5 2. Nc3 d6 3. g3 Nc6 4. Bg2 g6 5. d3 Bg7 6. f4 e6 7. Nf3 Nge7 8. 0-0 0-0 9. Be3 Nd4 10. e5 Nef5 11. Bf2 dxe5 12. Nxe5 f6 13. Nc4 Rb8 14. Ne4 b6 15. c3 Nb5 16. Qb3 Bd7 17. Rfe1 Nh6 18. h3 Nf7 19. Re2 f5 20. Ned2 Nc7 21. Nf3 Bc6 22. Rd1 Bd5 23. Qc2 Qc8 24. Nce5 Nxe5 25. Nxe5 Bxg2 26. Kxg2 Qb7+ 27. Kg1 Bxe5 28. Rxe5 Rbd8 29. Qe2 Qc6 30. c4 Rd7 31. Be1 Rfd8 32. Bc3 Rd6 33. Rd2 Kf7 34. Re3 Ne8 35. Qf3 Qxf3 36. Rxf3 Nf6 37. Bxf6 Kxf6 38. Kf2 e5 39. fxe5+ Kxe5 40. Re2+ Kf6 41. Ree3 g5 42. Ke2 h5 43. Kd2 Rh8 44. h4 gxh4 45. gxh4 Rg8 46. Rf2 Re6 47. Ref3 Re5 48. b4 Rg4 49. bxc5 bxc5 50. Rf4 Ke6 51. d4 cxd4 52. Kd3 Re3+ 53. Kxd4 Re4+ 54. Rxe4+ Rxe4+ 55. Kd3 Rxh4 56. c5 f4 57. Ke4 f3+ 58. Kxf3 Rc4 59. Re2+ Kf6 60. Kg3 Rxc5 61. Kh4 a5 62. a4 Rc4+ 63. Kxh5 Rxa4 64. Re8 Rd4 65. Ra8 Rd5+ 66. Kg4 Ke5 67. Kf3 Kd4 68. Rc8 Kd3 69. Kf2 Kd2 70. Kf3 Rd4 71. Ra8 a4 72. Ra7 Rd3+ 73. Kf2 a3 74. Ra8 Kc2 75. Ke2 Rb3 76. Rc8+ Rc3 77. Ra8 Kb2 78. Kd2 Rb3 0-1

[Event "BL2-Nord 9899"]
[Site "Germany"]
[Date "1999.01.31"]
[Round "5.7"]
[White "Lorenz, Sascha"]
[Black "Brettschneider, Stefan"]
[Result "0-1"]
[WhiteElo "2280"]
[BlackElo "2230"]
[PlyCount "59"]
[EventDate "1998.10.18"]
[EventType "team-tourn"]
[EventRounds "9"]
[EventCountry "GER"]
[SourceTitle "GER-chT2"]
[Source "ChessBase"]
[SourceDate "1999.07.01"]
[SourceVersion "1"]
[SourceVersionDate "1999.07.01"]
[SourceQuality "1"]
[WhiteTeam "Koenig Tegel"]
[BlackTeam "Neukloster"]
[WhiteTeamCountry "GER"]
[BlackTeamCountry "GER"]

1. d4 Nf6 2. Bg5 g6 3. Bxf6 exf6 4. e3 f5 5. g3 Bg7 6. Ne2 0-0 7. Bg2 d6 8. 0-0 Nd7 9. c4 a6 10. Nbc3 Rb8 11. b4 c5 12. Rb1 b6 13. Qd3 Bb7 14. Bxb7 Rxb7 15. Rfd1 cxd4 16. exd4 Re8 17. c5 bxc5 18. Qxa6 Rxb4 19. Rxb4 cxb4 20. Nd5 Qa8 21. Qxd6 Rxe2 22. Qxd7 Rxa2 23. Ne7+ Kh8 24. Nc6 b3 25. Rb1 Rb2 26. Kg2 h5 27. Kh3 g5 28. Ne7 Bf6 29. Qc6 g4+ 30. Kg2 0-1

[Event "BL2-Nord 9899"]
[Site "Germany"]
[Date "1998.12.13"]
[Round "3.7"]
[White "Sprotte, Norbert"]
[Black "Brettschneider, Stefan"]
[Result "1/2-1/2"]
[WhiteElo "2205"]
[BlackElo "2230"]
[PlyCount "33"]
[EventDate "1998.10.18"]
[EventType "team-tourn"]
[EventRounds "9"]
[EventCountry "GER"]
[SourceTitle "GER-chT2"]
[Source "ChessBase"]
[SourceDate "1999.07.01"]
[SourceVersion "1"]
[SourceVersionDate "1999.07.01"]
[SourceQuality "1"]
[WhiteTeam "Kreuzberg"]
[BlackTeam "Neukloster"]
[WhiteTeamCountry "GER"]
[BlackTeamCountry "GER"]

1. d4 Nf6 2. Nf3 g6 3. c4 Bg7 4. Nc3 d5 5. Bf4 c5 6. dxc5 Qa5 7. Rc1 dxc4 8. Qa4+ Qxa4 9. Nxa4 Bd7 10. Nc3 Na6 11. e3 Nxc5 12. Bxc4 0-0 13. 0-0 Rac8 14. Rfd1 Ne6 15. Ne5 Nxf4 16. exf4 Bc6 17. g3 1/2-1/2

[Event "BL2-Nord 9899"]
[Site "Germany"]
[Date "1998.11.22"]
[Round "2.7"]
[White "Brettschneider, Stefan"]
[Black "Sebastian, Dirk"]
[Result "1-0"]
[WhiteElo "2230"]
[BlackElo "2270"]
[PlyCount "135"]
[EventDate "1998.10.18"]
[EventType "team-tourn"]
[EventRounds "9"]
[EventCountry "GER"]
[SourceTitle "GER-chT2"]
[Source "ChessBase"]
[SourceDate "1999.07.01"]
[SourceVersion "1"]
[SourceVersionDate "1999.07.01"]
[SourceQuality "1"]
[WhiteTeam "Neukloster"]
[BlackTeam "Hamburger SK II"]
[WhiteTeamCountry "GER"]
[BlackTeamCountry "GER"]

1. e4 d6 2. d4 Nf6 3. Nc3 g6 4. Nf3 Bg7 5. Be2 0-0 6. 0-0 c6 7. a4 Nbd7 8. a5 e5 9. dxe5 dxe5 10. Qd6 Re8 11. Bc4 Bf8 12. Qd3 Qe7 13. b4 h6 14. Ne2 Bg7 15. c3 Nf8 16. Be3 Rd8 17. Qc2 Be6 18. Bd3 Qc7 19. h3 N8d7 20. c4 Nh5 21. Rfd1 Nf4 22. Nc3 Nxd3 23. Qxd3 Nf6 24. Qf1 Rxd1 25. Rxd1 b6 26. axb6 axb6 27. Qd3 Ra3 28. Nd2 Bf8 29. c5 b5 30. Qc2 Qa7 31. Rb1 Ra1 32. Qb2 Rxb1+ 33. Ncxb1 Qa4 34. Nc3 Qa8 35. Nb3 Be7 36. Bxh6 Bxb3 37. Qxb3 Qa1+ 38. Kh2 Qe1 39. Be3 Nh5 40. Qc2 Nf4 41. Qd2 Qxd2 42. Bxd2 Nd3 43. Nd1 Bf8 44. Kg3 f6 45. Kf3 Kh7 46. Ke2 Nf4+ 47. Bxf4 exf4 48. Kf3 Kg8 49. Nc3 Kf7 50. Kxf4 Bh6+ 51. Kf3 Ke6 52. Ke2 Bc1 53. Kd3 Ba3 54. Na2 Bb2 55. f4 g5 56. g3 gxf4 57. gxf4 Kf7 58. Kc2 Bd4 59. Nc3 Kg6 60. Ne2 Bf2 61. Kd2 Kh5 62. Nc1 Bg3 63. Ke3 Kh4 64. Nd3 Kxh3 65. e5 fxe5 66. Nxe5 Be1 67. Nxc6 Kg4 68. Ke4 1-0